| 000 | 01106nam2a2200265 4500 | ||
|---|---|---|---|
| 001 | RU\NLR\bibl\1049285 | ||
| 005 | 20250615033612.0 | ||
| 010 |
_a5-93829-043-0 _91000 |
||
| 021 |
_aRU _b2006-88506 _94483 |
||
| 035 | _a(NLR Aleph) 001036617 | ||
| 090 |
_a792324 _c792324 |
||
| 100 | _a20070221d2006 |||y0rusy50 ca | ||
| 101 | 1 |
_arus _cger |
|
| 102 | _aRU | ||
| 105 | _aa ||||||||| | ||
| 200 | 0 |
_aТ. 2 _f[пер. с нем. Н.А. Кириленко _gавт. заключ. ст. П.Ф. Пеннер] |
|
| 210 |
_d2006 _aБ. м. |
||
| 215 |
_a414 с. _cил. |
||
| 320 | _aБиблиогр. в прим.: с. 412-414 и в подстроч. прим. | ||
| 461 | 0 |
_1001RU\NLR\bibl\918256 _12001#$aДеяния апостолов$vТ. 2 _920160 _aНойдорфер, Х. -В. _cСанкт-Петербург _d2005 _fХайнц-Вернер Нойдорфер _nСвет на Востоке _o[перевод с немецкого] : в 2 т. _tДеяния апостолов _y5-93829-038-4 _vТ. 2 |
|
| 801 | 0 |
_aRU _bNLR _c20070221 _gRCR |
|
| 801 | 1 |
_aRU _bNLR _c20070221 |
|
| 942 | _cBOOK | ||
| 980 | _aNB | ||